<?xml version="1.0" encoding="UTF-8"?>
<record
    xmlns:xsi="http://www.w3.org/2001/XMLSchema-instance"
    xsi:schemaLocation="http://www.loc.gov/MARC21/slim http://www.loc.gov/standards/marcxml/schema/MARC21slim.xsd"
    xmlns="http://www.loc.gov/MARC21/slim">

  <leader>00793cam a22002057a 4500</leader>
  <controlfield tag="003">MX-MxUPN</controlfield>
  <controlfield tag="005">20260527101352.0</controlfield>
  <controlfield tag="008">260527b        |||||||| |||| 00| 0 spa d</controlfield>
  <datafield tag="040" ind1=" " ind2=" ">
    <subfield code="a">MX-MxUPN</subfield>
    <subfield code="b">spa</subfield>
  </datafield>
  <datafield tag="041" ind1="0" ind2=" ">
    <subfield code="a">spa</subfield>
  </datafield>
  <datafield tag="050" ind1=" " ind2="4">
    <subfield code="a">GE146</subfield>
    <subfield code="b">I47 2005</subfield>
  </datafield>
  <datafield tag="245" ind1="1" ind2="3">
    <subfield code="a">El impacto de los desastres naturales en el desarrollo :</subfield>
    <subfield code="b">documento metodol&#xF3;gico b&#xE1;sico para estudios nacionales de caso  </subfield>
  </datafield>
  <datafield tag="260" ind1=" " ind2=" ">
    <subfield code="a">M&#xE9;xico, D.F. : </subfield>
    <subfield code="b">Comisi&#xF3;n Econ&#xF3;mica para Am&#xE9;rica Latina y el Caribe, </subfield>
    <subfield code="c">2005</subfield>
  </datafield>
  <datafield tag="300" ind1=" " ind2=" ">
    <subfield code="a">54 p&#xE1;ginas </subfield>
  </datafield>
  <datafield tag="650" ind1=" " ind2="0">
    <subfield code="a">Desastres naturales </subfield>
    <subfield code="x">Evaluaci&#xF3;n de riesgos </subfield>
    <subfield code="9">59726</subfield>
  </datafield>
  <datafield tag="650" ind1=" " ind2="4">
    <subfield code="a">Desarrollo econ&#xF3;mico</subfield>
    <subfield code="9">6460</subfield>
  </datafield>
  <datafield tag="710" ind1="2" ind2=" ">
    <subfield code="a">Naciones Unidas. </subfield>
    <subfield code="b">Comisi&#xF3;n Econ&#xF3;mica para Am&#xE9;rica Latina y el Caribe </subfield>
    <subfield code="9">6331</subfield>
    <subfield code="e">edici&#xF3;n </subfield>
  </datafield>
  <datafield tag="902" ind1=" " ind2=" ">
    <subfield code="a">V&#xED;ctorGod&#xED;nez/270526</subfield>
  </datafield>
  <datafield tag="942" ind1=" " ind2=" ">
    <subfield code="2">lcc</subfield>
    <subfield code="c">FOLL</subfield>
  </datafield>
  <datafield tag="952" ind1=" " ind2=" ">
    <subfield code="0">0</subfield>
    <subfield code="1">0</subfield>
    <subfield code="2">lcc</subfield>
    <subfield code="4">0</subfield>
    <subfield code="7">21</subfield>
    <subfield code="8">UNE</subfield>
    <subfield code="a">BCUPN50</subfield>
    <subfield code="b">BCUPN50</subfield>
    <subfield code="c">CEPA</subfield>
    <subfield code="d">2026-05-27</subfield>
    <subfield code="l">0</subfield>
    <subfield code="o">GE146 I47 2005</subfield>
    <subfield code="p">U13029</subfield>
    <subfield code="r">2026-05-27 10:14:27</subfield>
    <subfield code="w">2026-05-27</subfield>
    <subfield code="y">FOLL</subfield>
  </datafield>
  <datafield tag="999" ind1=" " ind2=" ">
    <subfield code="c">215221</subfield>
    <subfield code="d">215221</subfield>
  </datafield>
</record>
